|
|
|
|
| LEADER |
00688nab a2200205 i 4500 |
| 001 |
acta48888 |
| 005 |
20251001120827.0 |
| 008 |
170705s2017 hu o 000 eng d |
| 022 |
|
|
|a 1588 2039
|
| 040 |
|
|
|a SZTE Egyetemi Kiadványok Repozitórium
|b hun
|
| 041 |
|
|
|a eng
|
| 100 |
1 |
|
|a Kovács Szilvia
|
| 245 |
1 |
0 |
|a History of the Cumans to the Mongol invasion
|h [elektronikus dokumentum] /
|c Kovács Szilvia
|
| 260 |
|
|
|c 2017
|
| 300 |
|
|
|a 99-104
|
| 490 |
0 |
|
|a Chronica
|v 13
|
| 650 |
|
4 |
|a Bölcsészettudományok
|
| 650 |
|
4 |
|a Történettudomány és régészet
|
| 695 |
|
|
|a Kunok története - 11-13. sz.
|
| 856 |
4 |
0 |
|u http://acta.bibl.u-szeged.hu/48888/1/chronica_013_099-104.pdf
|z Dokumentum-elérés
|